000 00591nam a2200193Ia 4500
005 20250508165858.0
008 008 250505s9999 xx 000 0 eng d
037 _aReference
040 _aFEDL
_beng
_cFEDL
041 _aeng
_2eng
084 _a370.72, WIL/RR
_qFEDL
100 _aWillis Jerry W
_9782277
245 0 _aQualitative research methods in education and educational technology
260 _aCharlotte, USA
_bInformation Age Publishing, Inc.
_c2008
300 _a371p.
365 _aUSD
_b45.99
942 _cREF
_h370.72, WIL/RR
999 _c1397962
_d1397962